Football: 10 meilleurs buteurs de 10 sélections - Statistiques

Statistiques générales
  • Ce quiz a été pris 405 fois
  • Le résultat moyen est 38 sur 100
Statistiques - réponses
Réponse % Correct
Gerd MULLER
91%
Thomas MULLER
91%
Cristiano RONALDO
88%
Lionel MESSI
87%
RONALDO
87%
Harry KANE
86%
Olivier GIROUD
85%
Kylian MBAPPE
84%
NEYMAR
84%
Thierry HENRY
83%
Antoine GRIEZMANN
82%
PELE
80%
Miroslav KLOSE
78%
Zinédine ZIDANE
78%
Michel PLATINI
76%
Karim BENZEMA
74%
Wayne ROONEY
74%
Luis SUAREZ
71%
Diego MARADONA
70%
David VILLA
68%
RONALDINHO
68%
Fernando TORRES
67%
Just FONTAINE
67%
Angel DI MARIA
66%
Edinson CAVANI
65%
David TREZEGUET
62%
Sergio AGUERO
61%
Luigi RIVA
57%
Arjen ROBBEN
56%
Alvaro MORATA
55%
RIVALDO
55%
EUSEBIO
54%
Memphis DEPAY
54%
Robin VAN PERSIE
54%
Gonzalo HIGUAIN
52%
Jean-Pierre PAPIN
52%
Luis FIGO
52%
Sergio RAMOS
50%
Diego FORLAN
48%
Sir Bobby CHARLTON
48%
Johan CRUYFF
47%
RAUL
46%
Franck LAMPARD
43%
Lautaro MARTINEZ
43%
Allessandro DEL PIERO
42%
Michael OWEN
42%
Gabriel BATISTUTA
39%
ROMARIO
39%
NANI
38%
Ruud VAN NISTELROOY
38%
Filippo INZAGHI
35%
Roberto BAGGIO
34%
Hernan CRESPO
33%
ZICO
33%
David SILVA
31%
Pedro Miguel PAULETA
31%
Alan SHEARER
30%
Lukas PODOLSKI
30%
Rui COSTA
30%
Gary LINEKER
29%
Alfredo DI STEFANO
27%
Klaas-Jan HUNTELAAR
24%
Michael BALLACK
24%
JAIRZINHO
22%
Fernando MORIENTES
21%
Rudi VOLLER
21%
BEBETO
20%
Dennis BERGKAMP
20%
Nuno GOMES
20%
Emilio BUTRAGUENO
18%
Patrick KLUIVERT
18%
Karl-Heinz RUMMENIGGE
17%
Giuseppe MEAZZA
14%
Christian VIERI
12%
Fernando HIERRO
12%
Jürgen KLINSMANN
11%
Helder POSTIGA
6%
Oliver BIERHOFF
6%
Uwe SEELER
5%
Daniel PASSARELLA
4%
NENE
4%
ADEMIR
2%
Jimmy GREAVES
2%
Joao PINTO
2%
Sebastian ABREU
2%
Silvio PIOLA
2%
Abe LENSTRA
1%
Allessandro ALTOBELLI
1%
Hector CASTRO
1%
Nat LOFTHOUSE
1%
Sir Tom FINNEY
1%
Adolfo BALONCIERI
0%
Angel ROMANO
0%
Faas WILKENS
0%
Francesco GRAZIANI
0%
Hector SCARONE
0%
Jose SANFILIPPO
0%
Oscar MIGUEZ
0%
Pedro PETRONE
0%
Severino VARELA
0%
Aucun quiz correspondant
Distribution des résultats
% des personnes avec chaque résultat
Percentile par nombre de réponses
Votre historique - résultats
Vous n’avez pas pris ce quiz